| 000 | 00660nam a2200217 a 4500 | ||
|---|---|---|---|
| 003 | MX-MxUPN | ||
| 005 | 20240228064342.0 | ||
| 008 | 240227t2008 mx a||||r|||| 000 0 spa d | ||
| 020 | _a9780746092828 | ||
| 040 |
_aMX-MxUPN _bspa _cMX-MxUPN |
||
| 041 | 0 | _aspa | |
| 050 | 1 | 4 |
_aPC4445 _bD56 2008 |
| 245 | 0 | 0 | _aDime lo que ves en el jardín |
| 260 |
_a[Lugar de publicación no identificado] : _bUsborne, _c2008. |
||
| 300 |
_a[10] páginas : _bilustraciones a color |
||
| 490 | 0 | _aDime lo que ves | |
| 650 | 4 |
_aVocabulario _vLiteratura infantil _99516 |
|
| 650 | 4 |
_aLibros y lectura para niños _92290 |
|
| 902 | _aVíctor Ruiz/270224 | ||
| 942 |
_2lcc _cLIBRO |
||
| 999 |
_c211094 _d211094 |
||